000 00488nam a2200169 4500
001 127729
003 ES-MaACL
005 20230906193055.0
007 t|
008 070214s1920 sp r ||||1| cat d
100 1 _aRiva Ferré, Juan.
_997532
245 1 0 _aResum de les lliçons donades en la Secció de Patología Agrícola /
_cJuan Riva Ferré ; L'Oliver.
260 _aBarcelona :
_bAltés,
_c1920.
300 _a98 p.
700 1 _aL'Oliver.
_969123
852 _aES-MaACL
_j1651-F-8
999 _c127729
_d127729